Hodnocení kvality ve vysokoškolském vzdělávání

Základné charakteristiky hodnotenia kvality v terciárnom vzdelávaní. Definície kvality a terminológia.Mechanizmus hodnotenia. Rozbor niektorých zložiek mechanizmu hodnotenia.

Guardado en:
Detalles Bibliográficos
Autor principal: Šebková, Helena
Formato: Capítulo de libro
Lenguaje:checo
Materias:
Etiquetas: Agregar Etiqueta
Sin Etiquetas, Sea el primero en etiquetar este registro!

MARC

LEADER 00000naa$a2200000$$$4500
001 0004368
005 20230919104000.0
041 0 |a cze 
044 |a CZ 
245 1 0 |a Hodnocení kvality ve vysokoškolském vzdělávání  |c aut. Helena Šebková 
520 |a Základné charakteristiky hodnotenia kvality v terciárnom vzdelávaní. Definície kvality a terminológia.Mechanizmus hodnotenia. Rozbor niektorých zložiek mechanizmu hodnotenia. 
610 2 0 |a kvalita 
610 2 0 |a vzdelávanie terciárne 
610 2 0 |a vzdelávanie vysokoškolské 
610 2 0 |a hodnotenie práce 
610 2 0 |a vzdelávanie 
610 2 0 |a školy vysoké 
610 2 0 |a terminológia 
100 1 |a Šebková, Helena